000
00204 a2200097 4500
001
18266
100
_a
Fuller, J.F
245
_a
Conduct of war 1789-1961
260
_a
_b
Methuen
_c
090
_c
13560
_d
13560
942
_a
NUST-CAE
_c
M
_c
3959
999
_c
253339
_d
253339